Statystyki dla Autobusy Poznańskie - linia 154

Kliknij tutaj aby rozwiązać quiz!

Ogólne statystyki

  • Ten quiz został rozwiązany 6 razy
  • Średni wynik to 10 z 14

Statystyki odpowiedzi

NumerPrzystanek% Poprawnych
5Szczepankowo
100%
3Oliwkowa
80%
9Orle Gniazdo
80%
8Os. Czecha
80%
4Porzeczkowa
80%
14Rondo Rataje
80%
1Spławie
80%
2Gospodarska
60%
7Ługańska
60%
13Os. Jagiellońskie
60%
10Os. Tysiąclecia
60%
6Wieprawska
60%
12Brneńska
40%
11Wiatraczna
40%

Rozkład punktacji

Percentyl według liczby udzielonych odpowiedzi

Procent ludzi z każdym wynikiem

Twoja historia wyników

Nie rozwiązałeś tego quizu